LEADER 01483nam 2200421 450 001 000007373 005 20070503173100.0 010 $a2-204-0462-7 100 $a20010212d1992----km-y0itay0103----ba 101 0 $afre 102 $aFR 200 1 $aParabolaire$fGaland De Reigny$gintroduction, texte critique, traduction, notes et index par Colette Friedlander, Jean Leclercq, Gaetano Raciti 200 1 $a1 $n0000981 210 $aParis$c<> edition du cerf$d1992 215 $a470 p.$d19 cm. 225 1 $aSources Chrétiennes$v378 300 $aTesto orig. a fronte 676 $a243$v(20. ed.)$9Scritti di evangelizzazione per i singoli e le famiglie 700 0$aGalandus$c: Regniacensis$0287646 702 1$aFriedlander,$bColette 702 1$aLeclercq,$bJean 702 1$aRaciti,$bGaetano 801 0$aIT$bUniversitŕ della Basilicata - B.I.A.$gRICA$2unimarc 912 $a000007373 996 $aParabolarium$942897 997 $aUNIBAS BAS $aMONLET BAS $aMONOGR BAS $aLETTERE CAT $aDILEO$b20$c20010212$lBAS01$h1229 CAT $c20050601$lBAS01$h1754 CAT $abatch$b01$c20050718$lBAS01$h1049 CAT $c20050718$lBAS01$h1108 CAT $c20050718$lBAS01$h1138 CAT $c20050718$lBAS01$h1153 CAT $aBATCH$b00$c20070503$lBAS01$h1731 FMT Z30 -1$lBAS01$LBAS01$mBOOK$1BASA1$APolo Storico-Umanistico$2GEN$BCollezione generale$3FP/91827$691827$5L91827$820010212$f02$FPrestabile Generale LEADER 02101oam 2200589 450 001 9910713642603321 005 20200701111546.0 035 $a(CKB)5470000002503249 035 $a(OCoLC)966434868 035 $a(OCoLC)995470000002503249 035 $a(EXLCZ)995470000002503249 100 $a20161219d1994 ua 0 101 0 $aeng 135 $aurbn||||||||| 181 $ctxt$2rdacontent 182 $cc$2rdamedia 183 $acr$2rdacarrier 200 10$aAnalysis of data on nutrients and organic compounds in ground water in the upper Snake River Basin, Idaho and western Wyoming, 1980-91 /$fby Michael G. Rupert 210 1$aBoise, Idaho :$cU.S. Geological Survey,$d1994. 215 $a1 online resource (iii, 40 pages) $cillustrations, maps 225 1 $aWater-resources investigations report ;$v94-4135 320 $aIncludes bibliographical references (pages 38-40). 606 $aGroundwater$zIdaho 606 $aGroundwater$zWyoming 606 $aGroundwater$xQuality$zSnake River Watershed (Wyo.-Wash.) 606 $aOrganic water pollutants$zSnake River Watershed (Wyo.-Wash.) 606 $aGroundwater$2fast 606 $aGroundwater$xQuality$2fast 606 $aOrganic water pollutants$2fast 607 $aIdaho$2fast 607 $aUnited States$zSnake River Watershed$2fast 607 $aWyoming$2fast 615 0$aGroundwater 615 0$aGroundwater 615 0$aGroundwater$xQuality 615 0$aOrganic water pollutants 615 7$aGroundwater. 615 7$aGroundwater$xQuality. 615 7$aOrganic water pollutants. 700 $aRupert$b Michael G.$f1965-$01387788 712 02$aGeological Survey (U.S.), 712 02$aNational Water-Quality Assessment Program (U.S.) 801 0$bCOP 801 1$bCOP 801 2$bOCLCO 801 2$bOCLCF 801 2$bOCLCA 801 2$bGPO 906 $aBOOK 912 $a9910713642603321 996 $aAnalysis of data on nutrients and organic compounds in ground water in the upper Snake River Basin, Idaho and western Wyoming, 1980-91$93437948 997 $aUNINA